ASME 2019 Asia Pacific Pipeline Conference

Detalhes bibliográficos
Formato: Recurso Electrónico Periódico
Idioma:English
Publicado em: ASME
Acesso em linha:Full text available on ASME[2019-2019
Off-campus access
LEADER 00940cas a2200181 a 4500
001 AALConferenceProceedingsASME000128
008 230101c9999 xx r poo 0 0eng d
020 |a 978-0-7918-5891-2 
040 |a BD-DhAAL  |c BD-DhAAL 
245 0 0 |h [electronic resource]  |a ASME 2019 Asia Pacific Pipeline Conference 
260 |b ASME 
300 |a 1 online resource 
500 |a <strong>Off-Campus Access:</strong> Athens ID and Password Required 
500 |a <strong>On-Campus Access:</strong> No User ID or Password Required 
506 |a Electronic access restricted to authorized BRAC University faculty, staff and students 
538 |a Mode of access: Internet 
856 4 0 |z Full text available on ASME[2019-2019  |u https://www.asmedigitalcollection.asme.org/APPC/APPC2019/volume/58912 
856 4 0 |z Off-campus access  |u https://go.openathens.net/redirector/bracu.ac.bd?url=https%3A%2F%2Fwww.asmedigitalcollection.asme.org%2FAPPC%2FAPPC2019%2Fvolume%2F58912